000 00272nam a2200109Ia 4500
008 200302s9999 xx 000 0 und d
100 _aJenny Vowles & Other
245 _aFriebe Buildings of the World Exhibitions
260 _bPublisher
260 _c1985
300 _a224 P.,
999 _c2234
_d2234